Little Black Dress - One Direction (All Lyrics) - Statistics

General Stats
  • This quiz has been taken 49 times
  • The average score is 184 of 231
Answer Stats
Answers % Correct
black
100%
dress
100%
I
100%
Little
100%
in
97%
the
94%
it
90%
you
90%
can't
87%
for
87%
for?
87%
It's
87%
it's
87%
just
87%
know
87%
to
87%
do
84%
me
84%
room
81%
Who
81%
walked
77%
anymore
74%
no
74%
not
74%
right
74%
see
74%
take
74%
at
71%
baby
71%
doin'
71%
move
71%
so
71%
too
71%
your
71%
go
68%
looking
68%
way
65%
home
61%
into
61%
late
61%
Makin'
61%
song?
61%
wanna
61%
What's
61%
Cause
58%
come
58%
did
58%
I'll
58%
stop
58%
favorite
55%
heads
55%
here
55%
turn
55%
alone?
48%
won't
48%
harm
45%
No matching quizzes found
Score Distribution
Percent of People with Each Score
Percentile by Number Answered
Your Score History
You have not taken this quiz